000
00245nam a2200097Ia 4500
005
20251222114403.0
008
251222s1900||||xx |||||||||||||| ||spa||
082
_a
DVD0090/D29/2004
245
0
_a
Los secretos de la arquitectura sagrada:
942
_c
DVD
999
_c
1721
_d
1721